000 01750nam a2200361 c 4500
003 BLK
005 20180422110809.0
008 180409b bul|||||r ||||||| ||bul||
010 _aKNG00127536000
040 _aBLK
041 _aBUL
_cBUL
080 _aНасекоми. Insecta. Ентомология
_b595.7
_x
_z595.7
080 _aЧленести, Articulata; Червеи, Vermes; Ракообразни, Branchiata; Паякообразни, Arachnoidea(паяци, скорпиони и др. ); Многоножки, Myriapoda
_b595.1/.6
_x
_z595.1/.6
100 1 _aАракчеев, Юрий
_eпърви автор
_933274
700 1 _aТошева, Атанаска Сл.
_eпрев. от рус.
_9317305
700 1 _aЙосифов, Михаил
_eпредг. от
_9375831
139 _aАракчеев, Юрий
_bА 80
245 1 0 _a"Джунгли" в двора
_bОчерци
_cЮрий Аракчеев; прев. от рус. Атанаска Сл. Тошева; предг. от Михаил Йосифов.
257 _aSUN
260 София
_bЗемиздат
_c1989
300 _a184 с., 8 л.
_bцв. ил.
_c20 см
380 _a5
500 _aОриг. загл. Джунгли во дворе / Юрий Аракчеев. - Предг. от Михаил Йосифов и Николай Николаевич Дроздов.
650 4 _aНасекоми
_9163479
650 4 _aПаяци
_9165913
653 _aнасекоми
653 _aпаяци
852 _aЦб 158027
856 4 _qpdf
_u
856 4 _qpdf
_u
942 _cKNG
_n0
944 _aCR
_c16.02.2012
_l16.02.2012 - от С1,Р / 16.02.2012
_kСевдалина_Василева
944 _aED
_c25.09.2017
_l16.02.2012 - от С1,Р / 16.02.2012
_kСевдалина_Василева
999 _c121904
_d121904